| 000 | 00437pab a2200157 454500 | ||
|---|---|---|---|
| 008 | 180718b2001 xxu||||| |||| 00| 0 eng d | ||
| 100 | _aSatapathy, C. | ||
| 245 | _aWTO work programme on e-commerce: strategy for further negotiations | ||
| 260 | _c2001 | ||
| 300 | _ap.3665-668 | ||
| 362 | _a29 Sep | ||
| 650 | _aWorld Trade organization | ||
| 650 | _aElectronic commerce | ||
| 773 | _aEconomic and Political Weekly | ||
| 909 | _a50164 | ||
| 999 |
_c50164 _d50164 |
||